| 000 | 00425nam a22001697a 4500 | ||
|---|---|---|---|
| 003 | NUST - PNEC | ||
| 005 | 20170116180913.0 | ||
| 008 | 150903b xxu||||| |||| 00| 0 eng d | ||
| 020 | _a8130902648 | ||
| 040 | _cLIBRARY | ||
| 082 | _a620.112 UPA | ||
| 100 |
_97188 _aUpadhyaya, G. S. |
||
| 245 |
_aMaterials science and engineering _cG.S. Upadhyaya |
||
| 260 | _cc.2006 | ||
| 650 |
_97194 _aMaterial _xME |
||
| 942 |
_2ddc _cBK |
||
| 999 |
_c65330 _d65330 |
||